Sports Quiz

Random Sports or Soccer Quiz

FIFA World Cup Winning Squads: 1974-1990 Quiz Stats

 Plays Quiz not verified by Sporcle

Challenge
Share
Tweet
Embed
Score 0/110 Timer 10:00
0 Plays Today
Hint Name % Correct
ARGENTINA 1986Diego Maradona
97.5%
ITALY 1982Paolo Rossi
93.1%
WEST GERMANY 1974Gerd Muller
93.1%
WEST GERMANY 1990Jurgen Klinsmann
92.5%
WEST GERMANY 1974Franz Beckenbauer
91.9%
ITALY 1982Dino Zoff
90.6%
ARGENTINA 1978Mario Kempes
90.6%
WEST GERMANY 1990Lothar Matthaus
88.8%
WEST GERMANY 1990Rudi Voller
88.1%
WEST GERMANY 1990Andreas Brehme
82.5%
WEST GERMANY 1990Bodo Illgner
77.5%
ITALY 1982Marco Tardelli
75%
WEST GERMANY 1974Sepp Maier
74.4%
WEST GERMANY 1974Berti Vogts
73.1%
WEST GERMANY 1974Paul Breitner
73.1%
ARGENTINA 1978Osvaldo Ardiles
71.9%
WEST GERMANY 1990Jurgen Kohler
70.6%
ARGENTINA 1986Daniel Passarella
70.6%
ARGENTINA 1978Daniel Passarella
70.6%
WEST GERMANY 1990Thomas Haßler
69.4%
WEST GERMANY 1990Pierre Littbarski
67.5%
ITALY 1982Giuseppe Bergomi
67.5%
ITALY 1982Franco Baresi
65%
ITALY 1982Claudio Gentile
65%
WEST GERMANY 1990Klaus Augenthaler
64.4%
WEST GERMANY 1990Guido Buchwald
63.8%
ARGENTINA 1986Jorge Burruchaga
63.8%
WEST GERMANY 1990Andreas Moller
63.1%
ITALY 1982Gaetano Scirea
61.3%
ARGENTINA 1986Jose Luis Brown
60.6%
ARGENTINA 1986Nery Pumpido
60.6%
ARGENTINA 1986Jorge Valdano
59.4%
ITALY 1982Alessandro Altobelli
59.4%
WEST GERMANY 1990Stefan Reuter
58.8%
WEST GERMANY 1990Karl-Heinz Riedle
57.5%
ITALY 1982Bruno Conti
56.9%
WEST GERMANY 1974Wolfgang Overath
56.9%
Hint Name % Correct
WEST GERMANY 1990Andreas Kopke
56.3%
WEST GERMANY 1990Thomas Berthold
55%
ITALY 1982Antonio Cabrini
53.8%
ARGENTINA 1978Ubaldo Fillol
52.5%
WEST GERMANY 1974Uli Hoeneß
52.5%
ARGENTINA 1978Leopoldo Luque
50.6%
ARGENTINA 1978Ricardo Villa
49.4%
WEST GERMANY 1974Hans-Georg Schwarzenbeck
48.8%
WEST GERMANY 1974Gunter Netzer
48.1%
ARGENTINA 1986Oscar Ruggeri
47.5%
WEST GERMANY 1974Rainer Bonhof
47.5%
WEST GERMANY 1990Olaf Thon
46.9%
ARGENTINA 1986Sergio Batista
46.9%
ARGENTINA 1978Alberto Tarantini
45.6%
ARGENTINA 1978Daniel Bertoni
45%
ITALY 1982Francesco Graziani
44.4%
ITALY 1982Fulvio Collovati
43.8%
WEST GERMANY 1974Jurgen Grabowski
43.8%
WEST GERMANY 1974Bernd Holzenbein
42.5%
ARGENTINA 1986Julio Olarticoechea
38.8%
ITALY 1982Gabriele Oriali
38.8%
WEST GERMANY 1990Uwe Bein
34.4%
ARGENTINA 1978Rene Houseman
34.4%
WEST GERMANY 1974Jupp Heynckes
33.8%
WEST GERMANY 1990Raimond Aumann
33.1%
ITALY 1982Giancarlo Antognoni
32.5%
ITALY 1982Franco Causio
32.5%
ITALY 1982Pietro Vierchowod
31.9%
ARGENTINA 1986Hector Enrique
30.6%
ARGENTINA 1986Ricardo Giusti
30.6%
ARGENTINA 1978America Gallego
30%
ARGENTINA 1978Jorge Olguin
30%
ARGENTINA 1986Jose Luis Cuciuffo
28.8%
ARGENTINA 1978Luis Galvan
28.8%
ARGENTINA 1978Ruben Galvan
28.8%
WEST GERMANY 1990Frank Mill
25.6%
ITALY 1982Daniele Massaro
25%
Hint Name % Correct
ITALY 1982Giovanni Galli
25%
ARGENTINA 1978Oscar Ortiz
21.9%
WEST GERMANY 1974Horst-Dieter Hottges
21.9%
ARGENTINA 1986Pedro Pasculli
21.3%
ARGENTINA 1986Luis Islas
20%
WEST GERMANY 1974Herbert Wimmer
20%
WEST GERMANY 1974Bernhard Cullmann
19.4%
ITALY 1982Ivano Bordon
17.5%
ARGENTINA 1978Daniel Killer
17.5%
ITALY 1982Giuseppe Dossena
16.9%
ITALY 1982Giampiero Marini
16.9%
WEST GERMANY 1974Heinz Flohe
16.3%
ARGENTINA 1986Ricardo Bochini
15.6%
ARGENTINA 1986Sergio Almiron
15%
ARGENTINA 1978Norberto Alonso
13.8%
ARGENTINA 1986Nestor Clausen
13.1%
WEST GERMANY 1974Norbert Nigbur
13.1%
ARGENTINA 1978Hector Baley
12.5%
ARGENTINA 1978Ricardo La Volpe
12.5%
ARGENTINA 1978Jose Daniel Valencia
12.5%
WEST GERMANY 1974Helmut Kremers
12.5%
WEST GERMANY 1974Wolfgang Kleff
12.5%
WEST GERMANY 1990Paul Steiner
11.9%
WEST GERMANY 1990Hans Pflugler
11.3%
ARGENTINA 1978Omar Larrosa
11.3%
ARGENTINA 1986Claudio Borghi
10.6%
ARGENTINA 1986Oscar Garre
10.6%
WEST GERMANY 1990Gunter Hermann
9.4%
WEST GERMANY 1974Jupp Kapellmann
8.8%
ARGENTINA 1986Carlos Tapia
7.5%
ARGENTINA 1978Miguel Oviedo
6.9%
ARGENTINA 1978Ruben Pagnanini
6.9%
WEST GERMANY 1974Dieter Herzog
6.9%
ITALY 1982Franco Selvaggi
5%
ARGENTINA 1986Marcelo Trobbiani
1.9%
ARGENTINA 1986Hector Zalada
0%

You're not logged in!

Compare scores with friends on all Sporcle quizzes.
Join for Free
OR
Log In

You Might Also Like...

Show Comments

Extras

Top Quizzes Today


Score Distribution

Your Account Isn't Verified!

In order to create a playlist on Sporcle, you need to verify the email address you used during registration. Go to your Sporcle Settings to finish the process.

Report this User

Report this user for behavior that violates our Community Guidelines.

Details: